000 00742nam a2200217Ia 4500
003 GCL
008 140319s9999 xx 000 0 ara d
040 _aGCL /
_cGCL
082 0 4 _a616.042
_bم و
100 1 _aمحمد الربيعى
245 1 0 _aالوراثة والانسان :اساسيات الوراثة البشرية والطبية /
_cمحمد الربيعى
260 _a[S.N] :
_bالمجلس الوطنى للثقافة والفنون والاداب ،
_c1986
300 _a229 ص
490 _aكتاب المواهب
_v0
650 0 4 _aالامراض الوراثية
650 0 4 _aالعلم
650 0 4 _aالوراثة
650 0 4 _aالاحياء
650 0 4 _aالجوانب الوراثية
942 _2ddc
_cBK
999 _c27029
_d27029